Terrapin - Clairo (Lyrics) - Statistics

General Stats
  • This quiz has been taken 3 times
  • The average score is 66 of 94
Answer Stats
Answer % Correct
can
100%
can
100%
don't
100%
don't
100%
don't
100%
don't
100%
don't
100%
don't
100%
don't
100%
go
100%
guess
100%
guess
100%
guess
100%
guess
100%
guess
100%
i
100%
i
100%
i
100%
i
100%
i
100%
i
100%
i
100%
i
100%
i
100%
i
100%
i
100%
i
100%
i
100%
i
100%
i
100%
simple
100%
simple
100%
the
100%
the
100%
the
100%
the
100%
the
100%
want
100%
want
100%
we
100%
we
100%
we
100%
whatever
100%
wherever
100%
you
100%
you
100%
you
100%
a
50%
a
50%
a
50%
and
50%
and
50%
and
50%
care
50%
could
50%
cry
50%
cry
50%
down
50%
drink
50%
drive
50%
dust
50%
find
50%
find
50%
get
50%
it's
50%
know
50%
like
50%
mile
50%
much
50%
need
50%
or
50%
road
50%
salt
50%
sand
50%
shy
50%
shy
50%
shy
50%
shy
50%
that
50%
that
50%
thing
50%
thing
50%
to
50%
to
50%
two
50%
afraid
0%
all
0%
already
0%
away
0%
gone
0%
i'm
0%
now
0%
plants
0%
we're
0%
No matching quizzes found
Score Distribution
Percent of People with Each Score
Percentile by Number Answered
Your Score History
You have not taken this quiz